BIBLIOTECA PODER JUDICIAL
Portal Judicial TDF

Certiorari criollo : (Registro nro. 6157)

000 -LEADER
fixed length control field 01229nabaa22002417a 4500
003 - CONTROL NUMBER IDENTIFIER
control field OSt
005 - DATE AND TIME OF LATEST TRANSACTION
control field 20260123200513.0
008 - FIXED-LENGTH DATA ELEMENTS--GENERAL INFORMATION
fixed length control field 190701b xxu||||| |||| 00| 0 spa d
040 ## - CATALOGING SOURCE
Transcribing agency PJ
100 ## - MAIN ENTRY--PERSONAL NAME
9 (RLIN) 6886
Personal name Mario A. Fernández Moreno.
245 10 - TITLE STATEMENT
Title Certiorari criollo :
Remainder of title entre la discrecionalidad y la certeza jurídica /
Statement of responsibility, etc Mario A. Fernández Moreno.
300 ## - PHYSICAL DESCRIPTION
Extent p. 146-160
500 ## - GENERAL NOTE
General note Cita: TR LALEY AR/DOC/3189/2023
505 ## - FORMATTED CONTENTS NOTE
Formatted contents note Sumario: I. Introducción.— II. Antecedentes.— III. Recurso extraordinario federal y certiorari.— IV. Observaciones salientes al régimen del certiorari.— V. Las razones que habilitan el certiorari.— VI. La interpretación como clave.— VII. Conclusión: es necesaria la uniformidad de criterios.
505 ## - FORMATTED CONTENTS NOTE
Title ¿Te interesa el texto completo? Comunicate al correo: koha@justierradelfuego.gov.ar
650 #0 - SUBJECT ADDED ENTRY--TOPICAL TERM
9 (RLIN) 211
Topical term or geographic name as entry element DERECHO ADMINISTRATIVO
650 #0 - SUBJECT ADDED ENTRY--TOPICAL TERM
9 (RLIN) 877
Topical term or geographic name as entry element ADMINISTRACION PUBLICA
650 #0 - SUBJECT ADDED ENTRY--TOPICAL TERM
9 (RLIN) 4669
Topical term or geographic name as entry element FACULTADES DISCRECIONALES
650 #0 - SUBJECT ADDED ENTRY--TOPICAL TERM
9 (RLIN) 2044
Topical term or geographic name as entry element RECURSO EXTRAORDINARIO
650 #0 - SUBJECT ADDED ENTRY--TOPICAL TERM
9 (RLIN) 699
Topical term or geographic name as entry element FALLOS DE LA CORTE SUPREMA
773 0# - HOST ITEM ENTRY
Host Biblionumber 2842
Host Itemnumber 3251
Place, publisher, and date of publication Buenos Aires : AbeledoPerrot, 2012-
Other item identifier DA121
Title Derecho administrativo. Nº 151 enero/febrero 2024
International Standard Book Number 18510590
942 ## - ADDED ENTRY ELEMENTS (KOHA)
Source of classification or shelving scheme
Koha item type Analítica Artículo de Revista

No hay ítems disponibles.

12 de Octubre 789 Ushuaia - Tel:  54(02901)441571
Horario de Atención: 8.00 a 17.00 hs. 
bibliotecaush@justierradelfuego.gov.ar
koha@justierradelfuego.gov.ar
Seguinos en nuestras redes @bibliojustdf 

Con tecnología Koha